00873nam a2200229 a 4500008004100000020002100041245011500062260008800177300007900265440007000344500002000414650001600434650003400450650002600484650002900510650003900539700001900578700001900597003000100616005001700617040000900634  a0198741898 (pbk)03aAn overcrowded world? :bpopulation, resources and the environment /cedited by Philip Sarre and John Blunden. aOxford :bOxford University Press [in association with] The Open University,c1995. aviii, 279 p., [8] p. of plates :bill. (some col.), maps, ports. ;c25 cm. 4aThe shape of the world.pExplorations in human geography ;vv. 3. aIncludes index. 0aPopulation. 0aPopulationxEconomic aspects. 0aPopulation geography. 0aSustainable development. 0aConservation of natural resources.1 aSarre, Philip.1 aBlunden, John.20230123133301.0 cNUST